000 00458nam a2200193Ia 4500
003 OSt
005 20251110161045.0
008 25110450505s9999 xx 000 0 eng d
022 _a0971-6742
037 _aPeriodicals
040 _aFEDL
_beng
_cFEDL
041 _aeng
_2eng
245 0 _aSeminar
260 _aNew Delhi, India
_c2021
300 _a592p.
490 _vNo.737-742 (Jan-June) 2021
942 _cCR
_2ddc
_n0
999 _c1465133
_d1465133